Sports Quiz

Random Sports or Baseball Quiz
Score 0/86 Timer 10:00
3 Plays Today
Year Player % Correct
2003Barry Bonds
93.7%
2001Barry Bonds
93.7%
2000Sammy Sosa
92.2%
1999Sammy Sosa
92.2%
2002Sammy Sosa
92.1%
2017Giancarlo Stanton
91.1%
2007Alex Rodriguez
90.2%
1998Mark McGwire
89.2%
2006David Ortiz
89.1%
2005Andruw Jones
89%
2008 Ryan Howard
88.3%
1928Babe Ruth
87.9%
1927Babe Ruth
87.9%
1926Babe Ruth
87.9%
1929Babe Ruth
87.9%
1930Babe Ruth
87.8%
1924Babe Ruth
87.8%
2018Khris Davis
87.6%
1997 Ken Griffey Jr.
87.3%
2009Albert Pujols
87.3%
1920Babe Ruth
87.2%
1921Babe Ruth
87.2%
1996Mark McGwire
87.2%
2013Chris Davis
83.8%
2015Chris Davis
83.7%
2019Cody Bellinger
82.9%
2010José Bautista
82.4%
1957Hank Aaron
76.5%
1963Hank Aaron
76.5%
Year Player % Correct
1956Mickey Mantle
76.5%
1931Lou Gehrig
74.5%
1934Lou Gehrig
72.7%
1936Lou Gehrig
72.6%
1962Willie Mays
72.5%
1965Willie Mays
72.2%
1983Mike Schmidt
72.1%
1980Mike Schmidt
72%
1961Roger Maris
71.7%
1988José Canseco
70.6%
2012Josh Hamilton
69.2%
1991Cecil Fielder
68.3%
1990Cecil Fielder
68.2%
1959Ernie Banks
67.8%
1960Ernie Banks
67.8%
1958Ernie Banks
67.7%
1993Juan González
66.7%
1992Juan González
66.7%
1995Albert Belle
66.2%
1968Frank Howard
65.8%
1994Matt Williams
63.2%
1966Frank Robinson
61.9%
1964Harmon Killebrew
61.7%
1970Johnny Bench
61.7%
1972Johnny Bench
61.7%
1967Carl Yastrzemski
60.1%
1969Reggie Jackson
59.4%
1971Willie Stargell
59.3%
2011José Bautista
59.1%
Year Player % Correct
2016Mark Trumbo
59%
1932Jimmie Foxx
58.2%
1987Andre Dawson
57.8%
1937Joe DiMaggio
57.1%
2004 Adrián Beltré
56.1%
1933Jimmie Foxx
55.1%
1978Jim Rice
54.8%
1923Cy Williams
51%
1938Hank Greenberg
47.4%
2014Nelson Cruz
47.4%
1946Hank Greenberg
47.3%
1977George Foster
45.2%
1950Ralph Kiner
44.2%
1948Ralph Kiner
44.2%
1951Ralph Kiner
44.2%
1949Ralph Kiner
44.2%
1989Kevin Mitchell
43.3%
1953Eddie Mathews
41.8%
1922 Rogers Hornsby
36.2%
1985Darrell Evans
35.8%
1979Dave Kingman
32%
1973Davey Johnson
28.6%
1986Jesse Barfield
28.1%
1947Johnny Mize
25.4%
1940Johnny Mize
24.8%
1955Ted Kluszewski
24.8%
1954Ted Kluszewski
24.8%
1984Tony Armas
23.2%

You're not logged in!

Compare scores with friends on all Sporcle quizzes.
OR
Log In

Sporcle TV

Today on Sporcle TV


Watch our educational content, quiz creation guides, and fun videos on Sporcle TV.

Show Comments

Extras

Top Quizzes Today


Score Distribution

Paid Content

Your Account Isn't Verified!

In order to create a playlist on Sporcle, you need to verify the email address you used during registration. Go to your Sporcle Settings to finish the process.

Report this User

Report this user for behavior that violates our Community Guidelines.

Details: